000 00655nam a2200205Ia 4500
003 GCL
008 140319s9999 xx 000 0 ara d
040 _aGCL /
_cGCL
082 0 4 _a811.0091
_bم م
100 1 _aمحمد عبدالمنعم خفاجى
245 1 0 _aمدارس الشعر الحديث /
_cمحمد عبدالمنعم خفاجى
260 _a[S.N] :
_bمكتبة الانجلوالمصرية ،
_c1991
300 _a415 ص
490 _a
650 0 4 _aالشعر العربى
650 0 4 _aالادب العربى
650 0 4 _aتاريخ ونقد
650 0 4 _aالشعر العربى - العصر الحديث
942 _2ddc
_cBK
999 _c31906
_d31906